000 01459nam a2200409 i 4500
001 21978
003 KOSZ 005
005 20210701115350.0
008 990506s1983 pl a f |001 0 pol
015 _aPB 1983/5177
020 _a832040486x
040 _aWA N
_cWA N
_dKOSZ 005/HR
041 1 _apol
_hrus
046 _k1983
080 _a66.023
080 _a602-7
100 1 _aKafarov, Viktor Vâčeslavovič
_eAutor
245 1 0 _aModelowanie reaktorów biochemicznych /
_cW. W. Kafarow, A. Ju. Winarow, L. S. Gordiejew ; z ros. tł. Henryk Michalski [et al.].
246 1 _iTyt. oryg.:
_aModelirovanie biohimičeskih reaktorov,
_f1979.
260 _aWarszawa :
_bWydawnictwa Naukowo-Techniczne,
_c1983.
300 _a371, [1] s. :
_brys., wykr., err. ;
_c21 cm.
380 _aKsiążki
388 _a1901-2000
388 _a1945-1989
504 _aBibliogr. przy rozdz.. - Indeks.
650 4 _aBioreaktory
650 4 _aReaktory chemiczne
650 4 _aModele matematyczne
658 _aChemia
658 _aInżynieria i technika
700 1 _aVinarov, Aleksandr Jur'evič
_eAutor
700 1 _aGordeev, Lev Sergeevič
_eAutor
700 1 _aMichalski, Henryk
_d(1927-1994)
_eTłumaczenie
710 2 _aWydawnictwa Naukowo-Techniczne
_4pbl.
856 _uhttp://koha.tu.koszalin.pl/cgi-bin/koha/opac-detail.pl?biblionumber=21978
_yKatalog online BPK
942 _2UKD
_cKS
999 _c21978
_d21978